000 00823cam a2200301 4500
008 090401t1997 xxu||||| |||| 00| 0 eng d
020 _a0860174697
035 _a(Sirsi) u84692
041 _aeng
050 _a627.8
100 _aReader, R.A.
245 _aValves, pipework and associated equipment in dams : guide to condition assessment.
260 _aLondon
_bCIRIA
_c1997
300 _a160p. : ill. ; 24cm.
350 _a70
490 _aCIRIA Report
_v170
650 _aCONDITION ASSESSMENT
650 _aDAMS
650 _aDEFECTS
650 _aPIPEWORK
650 _aREPAIRS AND MAINTENANCE
690 _aBUILT ENVIRONMENT
700 _aKennard, M.F.
700 _aHay, J.
710 _aConstruction Industry Research and Information Association
_94810
942 _n0
948 _c05/03/1998
999 _c96968
_d96968